000 01005nam a2200217 a 4500
001 BRCA_8852
005 20190320210432.0
008 160517s1789----sp-#######---#000-0#spa-#
041 _aspa
044 _asp
084 _aBE234
_b.S23 1789
245 1 0 _aEl sacerdote santificado en la administración del sacramento de la penitencia
_bcartas sobre el modo práctico de administrar el santo sacramento de la penitencia con provecho propio, y lo penitentes: obra utilísima á los confesores para el exercicio de su ministerio: compuesta por un sacerdote, zeloso del bien espiritual de los próximos
_ctraducida en italiano al español por Don Francisco Ordoqui, Presbítero.
260 _aMadrid
_bPor Don Placido Barco Lopez
_c1789
300 _a[6], [15], 429 p.
_c15.2 x 10.5 cm.
500 _aCon las licencias necesarias
500 _aEstado físico: presenta encuadernación en pergamino
650 1 4 _aPenitencia
_922047
650 1 4 _aIglesia católica
_915525
902 _aCFM
942 _2lcc
_cB
999 _c8503
_d8503